Religion, Law and the State in India. (Record no. 4828)

MARC details
000 -LEADER
fixed length control field 00621nam a2200241 a 4500
020 ## - INTERNATIONAL STANDARD BOOK NUMBER
ISBN
082 00 - DEWEY DECIMAL CLASSIFICATION NUMBER
Classification number 346.54
Author Cutter DER
100 ## - MAIN ENTRY--AUTHOR NAME
Author name Derrett, J Duncan M
245 ## - TITLE STATEMENT
Title Religion, Law and the State in India.
260 ## - PUBLICATION, DISTRIBUTION, ETC. (IMPRINT)
Place of publication London
Name of publisher Faber and Faber Limited
Year of publication 1968
300 ## - PHYSICAL DESCRIPTION
Number of Pages 615p
500 ## - GENERAL NOTE
General note includes index and biblioraphy
505 2# - FORMATTED CONTENTS NOTE
Formatted contents note Index of name and topics
650 ## - SUBJECT ADDED ENTRY--TOPICAL TERM
Topical Term Laws-India-Religious
942 ## - ADDED ENTRY ELEMENTS (KOHA)
Koha item type Books
700 1# -
-- Derrett, J Duncan M
Holdings
Collection code Home library Current library Date acquired Cost, normal purchase price Full call number Accession Number Koha item type
  Henry Martyn Institute Library Henry Martyn Institute Library 06/05/2007 100.00 346.54 DER 07680 Books
                   Copyright © 2026 | Henry Martyn Institute | Hyderabad | TS-500052 | INDIA | Implemented by hmi.edu.in
Hit-Count:

Powered by Koha